000 00535nam a2200193 a 4500
005 20140310183600.0
008 111122s19uu xx 00 eng d
020 _a9781412964555
050 _aLB 1062.6
_b.M87 2010
100 _aMurphy, Joseph
245 _aUnderstanding and closing achievement gaps /
_cJoseph Murphy.
260 _aCalifornia :
_bCorwin,
_c2010.
300 _a293 p. :
_c26 cm.
521 _aEDU
650 _aAcademic achievement
650 _aEducational change
942 _cBK
_2lcc
_kFOR
999 _c25081
_d25081